Escuela y poesía : ¿y que hago con el poema? /
Guardado en:
| Autor Principal: | |
|---|---|
| Otros Autores: | |
| Formato: | Libro |
| Publicado: |
Buenos Aires :
Lugar Editorial,
2003
|
| Series: | Relecturas
|
| Materias: | |
| Etiquetas: |
Agregar Etiqueta
Sin Etiquetas, Sea el primero en etiquetar este registro!
|
| LEADER | 03311nam a22004575a 4500 | ||
|---|---|---|---|
| 001 | CEM.cems012346 | ||
| 005 | 20061116165243.0 | ||
| 008 | 130507s2003##################000#0#####d | ||
| 003 | CEMS | ||
| 020 | |a 950892148X | ||
| 082 | 0 | 4 | |a 372.6 |
| 100 | 1 | |a Andricaín, Sergio | |
| 245 | 1 | 0 | |a Escuela y poesía : |b ¿y que hago con el poema? / |c Sergio Andricaín ; antonio Orlando Rodríguez |
| 260 | |a Buenos Aires : |b Lugar Editorial, |c 2003 | ||
| 300 | |a 143 p. | ||
| 490 | 0 | |a Relecturas | |
| 504 | |a Referencias bibliográficas p. 132-140 | ||
| 505 | 0 | |a En torno a la poesía, los niños y la escuela -- Caminos de la poesía -- La poesía en el aula -- De poemas y raíces -- Arbol / Laura Devetach -- Mi jardín hizo lo que quizo / Beatriz Ferro -- Con una hebra de mandarina / Marta Giménez Pastor -- Lección / Eduardo Gonzalez Lanuza -- Castillo de mar / María Cristina Ramos -- Canción / Fryda Schultz de Mantovani -- Canción del niño que vuela / José Sebastian Tallon -- Tengo un pañuelito / Edith Vera -- Ronda del sapo y de la rana / Javier Villafañe -- Nada más / María Elena Walsh -- Fucsias / Oscar Alfaro -- Conversación / Sidónio Muralha -- Una simple elegía / Mário Quintana -- El mundo al revés / Marta Brunet -- La rata / Gabriela Mistral -- El lavadero de las hadas / Víctor Eduardo Caro -- La cajita de música / Carlos Castro Saavedra -- Ronda de brujas / Gloria Cecilia Díaz -- La congreja consejera / Rafael Pombo -- Fantasmería / Yolanda Reyes -- Brebaje mágico para todo uso / Irene Vasco -- La florecita de diente de león / Carmen Lyra -- Palacios de la tarde / Carlos Luis Sáenz -- Caballito / Mirta Aguirre -- Caperucita roja / Dora Alonso -- Pequeño curso de soñología / Luis Caissés -- Lección de gramática / David Chericián -- Las memorias de Manuela / Eliseo Diego -- Invitación / Nersys Felipe -- La muralla / Nicolás Guillén -- Dos milagros / José Martí -- Roderico roderik / Renée Potts -- Luciérnaga / Armaís Quintero -- Discor / Excilia Saldaña -- Mariposa / Alberto Serret -- Canción / Teresa Crespo de Salvador -- Nombres / Claudia Lars -- Solidaridad / Amado Nervo -- ¿De dónde la rosa? / Esther María Ossés -- Nana de la pomarrosa / Ester Feliciano Mendoza -- De las canciones de Natacha / Juana de Ibarbourou -- La abuela / Aquiles Nazoa -- El agua / Manuel Felipe Rugeles | |
| 653 | |a Literatura | ||
| 653 | |a Literatura infantil | ||
| 653 | |a Poesía | ||
| 653 | |a Poesía infantil | ||
| 653 | |a Poesía infanti argentina | ||
| 653 | |a Poesía infantil boliviana | ||
| 653 | |a Poesía infantil brasileña | ||
| 653 | |a Poesía infantil chilena | ||
| 653 | |a Poesía infantil colombiana | ||
| 653 | |a Poesía infantil costarriqueña | ||
| 653 | |a Poesía infantil cubana | ||
| 653 | |a Poesía infantil ecuatoriana | ||
| 653 | |a Poesía infantil salvadoreña | ||
| 653 | |a Poesía infantil mexicana | ||
| 653 | |a Poesía infantil panameña | ||
| 653 | |a Poesía infantil puertorriqueña | ||
| 653 | |a Poesía infantil uruguaya | ||
| 653 | |a Poesía infantil venezolana | ||
| 653 | |a Poesía infantil hispoamericana | ||
| 653 | |a Literatura infantil-didáctica | ||
| 653 | |a Poesía-enseñanza | ||
| 700 | 1 | |a Rodríguez, Antonio Orlando | |
| 859 | |a CEMS |b BIB. CEMS - 11 de abril |h 372.6 |i An28 |p 23633.06 |t Ej.1 | ||
